| 000 | 00746nam a2200253Ia 4500 | ||
|---|---|---|---|
| 001 | Z_36 | ||
| 003 | CHAP | ||
| 005 | 20220920193743.0 | ||
| 008 | 220113s1987 xx 000 0 und d | ||
| 010 | _a163002 | ||
| 040 | _cCHAP | ||
| 090 | _aFolleto 162 | ||
| 100 |
_aGroupement National Interprofessionnel des Semences et Plants. París _9137226 |
||
| 245 |
_aLes prairies especes (Gramíneas et legumineuses) et des varietes inscrites au catalogue francais / _cpar GNIS |
||
| 260 |
_aParis : _bGNIS, _c1987 |
||
| 300 | _a12 p. | ||
| 650 |
_aGramíneas _xFrancia _950275 |
||
| 650 |
_aLegumbres _xVariedades I. t. _9137227 |
||
| 901 | _aFolleto 162 | ||
| 902 | _aA | ||
| 910 | _a1987 | ||
| 942 |
_cFOLL _2local |
||
| 942 |
_cFOLL _2local |
||
| 999 |
_c163002 _d163002 |
||